Dante /

Bibliographic Details
Main Author: Bergin, Thomas Goddard, 1904-1987
Format: Book
Language:English
Published: New York : Orion Press, [1965]
Subjects:

MARC

Tag First Indicator Second Indicator Subfields
LEADER 00000cam a2200000 4500
001 in00000022852
005 20151007064152.0
008 720628s1965 nyuab b 00010 eng u
010 |a  64012977  
035 |a (OCoLC)00343890 
035 |9 AAD9214AM 
040 |c WSU  |d TXA  |d UtOrBLW 
049 |a TXAM  |c [457361] 
050 0 |a PQ4335  |b .B4 
092 |a 851  |b D192Ybe 
100 1 |a Bergin, Thomas Goddard,  |d 1904-1987. 
245 1 0 |a Dante /  |c [by] Thomas G. Bergin. 
264 1 |a New York :  |b Orion Press,  |c [1965] 
300 |a 326 pages :  |b illustrations, map. ;  |c 22 cm. 
336 |a text  |b txt  |2 rdacontent 
337 |a unmediated  |b n  |2 rdamedia 
338 |a volume  |b nc  |2 rdacarrier 
504 |a Bibliographical references included in "Notes" (pages 305-314). 
600 0 0 |a Dante Alighieri,  |d 1265-1321. 
999 |a MARS 
999 f f |s a1cb9410-8e08-3e4e-bd1a-f204221e8d9b  |i b60144a5-f56c-3531-b78a-99a0df3aa81b  |t 0 
952 f f |p ric  |a Texas A&M University  |b Rellis Campus  |c Joint Library Facility  |d Remote Storage  |t 0  |e PQ4335 .B4  |h Library of Congress classification  |i unmediated -- volume  |m A14801375536 
998 f f |a PQ4335 .B4  |t 0  |l Remote Storage